A cause, but no effect (Record no. 65784)

MARC details
000 -LEADER
fixed length control field 00850cam a2200217 4500
001 - CONTROL NUMBER
control field WB3702-22
008 - FIXED-LENGTH DATA ELEMENTS--GENERAL INFORMATION
fixed length control field 000000n2001 000 0 eng u
035 ## - SYSTEM CONTROL NUMBER
System control number (Sirsi) u110310
245 #2 - TITLE STATEMENT
Title A cause, but no effect
260 ## - PUBLICATION, DISTRIBUTION, ETC.
Date of publication, distribution, etc. 2001
490 ## - SERIES STATEMENT
Series statement Estates Gazette
Volume/sequential designation (0101) 6 January 2001, 81(1)
520 ## - SUMMARY, ETC.
Summary, etc. Discusses how "Egan Lawson Ltd v Standard Life Assurance Co" (CA, Abs63600) highlights further difficulties for non-retained agents trying to secure an introductory commission; an agent must be the effective cause of the subsequent sale to secure payment.
590 ## - LOCAL NOTE (RLIN)
Local note WB
650 ## - SUBJECT ADDED ENTRY--TOPICAL TERM
Topical term or geographic name entry element INTRODUCTORY FEES
650 ## - SUBJECT ADDED ENTRY--TOPICAL TERM
Topical term or geographic name entry element CBRE
650 ## - SUBJECT ADDED ENTRY--TOPICAL TERM
Topical term or geographic name entry element EGAN LAWSON LTD V STANDARD LIFE ASSURANCE CO
650 ## - SUBJECT ADDED ENTRY--TOPICAL TERM
Topical term or geographic name entry element LADY MANOR LTD V FAT CAT CAFE BARS
650 ## - SUBJECT ADDED ENTRY--TOPICAL TERM
Topical term or geographic name entry element ESTATE AGENTS' COMMISSION
690 ## - LOCAL SUBJECT ADDED ENTRY--TOPICAL TERM (OCLC, RLIN)
Topical term or geographic name as entry element PROPERTY AND LAND LAW-CASE LAW
942 ## - ADDED ENTRY ELEMENTS (KOHA)
Suppress in OPAC 0
Holdings
Withdrawn status Lost status Source of classification or shelving scheme Damaged status Not for loan Home library Current library Shelving location Date acquired Total Checkouts Full call number Barcode Date last seen Copy number Price effective from Koha item type
    Dewey Decimal Classification     London London News article 10/01/2001   WB3702-22 110310-1001 06/08/2019 1 06/08/2019 News article